| 000 | 00545nam a22001817a 4500 | ||
|---|---|---|---|
| 005 | 20251108164343.0 | ||
| 008 | 250721s1997 xx 000 0 ara d | ||
| 082 | 1 | 4 | _a398.2095694/منص |
| 100 | 1 | _aعبد الرحمن، منصور | |
| 245 | 1 | 0 |
_aتصاويب الهوى : _bشعر نبطي / |
| 264 | 1 |
_aبيروت : _bدار الفارابي، _c1997. |
|
| 300 | _a152ص | ||
| 650 | 1 | 7 | _aالشعر |
| 650 | 1 | 7 | _aالأدب الشعبي |
| 650 | 1 | 7 | _aالإمارات العربية المتحدة |
| 942 |
_2ddc _cBK |
||
| 999 |
_c10088 _d10088 |
||